| 000 | 00336nam a2200121Ia 4500 | ||
|---|---|---|---|
| 008 | 220217s9999||||xx |||||||||||||| ||und|| | ||
| 082 | _a894.814 3 PUR | ||
| 100 | _aPurushothamananda, Swami | ||
| 245 | 0 | _aSri sharadadevi Jeevanaganga | |
| 260 |
_aSri Ramakrishna Ashrama _bMysore _c2002 |
||
| 300 | _b125 | ||
| 650 | _aGENERAL BOOKS | ||
| 999 |
_c172972 _d172972 |
||